| 000 | 00683cam a2200193 a 4500 | ||
|---|---|---|---|
| 001 | 000019933 | ||
| 005 | 20200929170209.0 | ||
| 008 | 920928s1995 pr a 000 p spa | ||
| 010 | _a9978838281 | ||
| 040 |
_aDO-SdBNP _bspa _cBNPHU |
||
| 082 |
_axxx _bR934c |
||
| 100 | 1 |
_aKastillo, Williamns _942507 |
|
| 245 | 1 | 0 |
_aCapitulación sin testigos : _bpoesía / _cWilliamns Kastillo; prólogo José Enrique Ayoroa Santaliz. |
| 260 |
_aSanturce, Puerto Rico : _bSoluno, Editora Nacional, _c1995. |
||
| 300 |
_a[36] p. : _bil. ; _c22 cm. |
||
| 490 | 1 |
_aLos cuadernos de Rimbaud _v2 |
|
| 700 | 1 |
_aAyoroa Santaliz, José Enrique _eprólogo _98033 |
|
| 830 | 0 |
_aLos cuadernos de Rimbaud _n3 _942508 |
|
| 999 |
_c19446 _d19446 |
||